00903nam a2200217 i 450000100060000000300090000600500170001500700030003200800410003510000560007624501680013226000410030030000350034149000190037660000470039570000560044283000270049885200220052599900170054795201210056471542ES-MaACL20250822142623.0t|040812s1956 sp ||||1| spa d0 aGeneviève de la Sainte-Face (d1869-1959)917145910aRecuerdo filial b: la madre de Santa Teresa del Niño Jesús, 1831-1877 / cGenoveva de la Santa Faz ; versión castellana por Fr. Emeterio G. Setién de J.M. aBurgos : bEl Monte Carmelo, c1956. aX, 122 p., 8 lám. ; c17 cm.1 aSanta Teresita04aCelia Guérin, Santa, d1831-187791714601 aEmeterio G. Setién de J. M. (d1915-2001)91714441 aSanta Teresita9231076 aES-MaACLjC-13519 c71542d71542 00104070aATENEOMbATENEOMcSPALd2008-01-17eSCl0oC-13519p1074899r2023-02-23 00:00:00w2023-02-23yMONOGRAFIA